000 00445nab a2200145Ia 4500
003 ES-SlBCS
005 20210601130756.0
008 140529s1982 xxu||||| |||| 00| 0 fre d
041 _afre
100 1 _aDubarle, Dominique
_92697
245 0 0 _aIntersubjectivité et Logique de la Signification
_c Dominique Dubarle
650 0 4 _aComunicación
_992556
773 0 _tPresença Filosofica
_gvol. 8, nº. 3-4, 1982, págs. 9-18
_wRev966
942 _cAR
999 _c552183
_d552183